Moldava prefackala Šaľu prvá futbalová liga - 8. kolo: Michalovce si z Púchova odniesli trojgólový debakel

Podrobná bibliografia
Médium: Článok
Jazyk:slovenčina
PhysicalDescription:Tab.
ISSN:0139-7001
Predmet:
On-line prístup:http://denniksport.sk/article/146618/moldava-prefackala-salu

MARC

LEADER 00000nab a2200000 ar4500
001 vtls010171745
003 SK-MaSNL
005 20260303092135.0
008 100924c20100913xo ||||||||||||00 b|slo
015 |a SNBRB2010/09  |2 snkbucl 
038 |a SNKBUCL 
040 |a SNKBUCL  |b slo  |c SNKBUCL  |e AACR2 
041 0 |a slo 
044 |a xo  |c SK 
080 |a 796.332.093.1  |2 2001 
245 0 0 |a Moldava prefackala Šaľu  |b prvá futbalová liga - 8. kolo: Michalovce si z Púchova odniesli trojgólový debakel 
300 |b Tab. 
648 7 |a sezóna 2010/2011  |2 snkbucl  |9 1038786 
650 0 7 |a futbal  |2 snkbucl  |9 3291 
650 0 7 |a 1. liga  |2 snkbucl  |9 722880 
650 0 7 |a 8. kolo  |2 snkbucl  |9 872972 
773 0 |t Šport  |g Roč. 64, č. 211 (13.9.2010), s. 10  |x 0139-7001 
852 |a SNK  |b KIS3GCP 
856 4 1 |u http://denniksport.sk/article/146618/moldava-prefackala-salu 
999 |c 1810941  |d 1812871